Tratado de zoología / (Record no. 51653)

MARC details
000 -LEADER
campo de control de longitud fija 00835nam a2200229 i 4500
001 - NÚMERO DE CONTROL
campo de control 51653
003 - IDENTIFICADOR DE NÚMERO DE CONTROL
campo de control ES-MaACL
005 - FECHA Y HORA DE LA ÚLTIMA TRANSACCIÓN
campo de control 20250814033433.0
007 - CAMPO FIJO DE DESCRIPCIÓN FÍSICA--INFORMACIÓN GENERAL
campo de control de longitud fija t|
008 - DATOS DE LONGITUD FIJA--INFORMACIÓN GENERAL
campo de control de longitud fija 030814s1960 sp ||||1| spa d
100 1# - ENTRADA PRINCIPAL--NOMBRE DE PERSONA
Nombre de persona D'Ancona, Humberto.
9 (RLIN) 42347
245 10 - MENCIÓN DEL TÍTULO
Título Tratado de zoología /
Mención de responsabilidad, etc. Humberto D'Ancona ; traducción de E. Gadea, F. García del Cid, R. Margalef ; dirección F. García del Cid.
260 ## - PUBLICACIÓN, DISTRIBUCIÓN, ETC.
Lugar de publicación, distribución, etc. Barcelona :
Nombre del editor, distribuidor, etc. Labor,
Fecha de publicación, distribución, etc. 1960.
300 ## - DESCRIPCIÓN FÍSICA
Extensión 2 v. :
Otras características físicas il. ;
Dimensiones 25 cm.
505 8# - NOTA DE CONTENIDO CON FORMATO
Nota de contenido con formato Contiene: 1. Zoología general (XV, 428 p.) -- 2. Zoología especial (XV, p. 429-1054)
650 #7 - PUNTO DE ACCESO ADICIONAL DE MATERIA--TÉRMINO DE MATERIA
Término de materia o nombre geográfico como elemento de entrada Zoología
Fuente del encabezamiento o término embne
9 (RLIN) 17868
700 0# - ENTRADA AGREGADA--NOMBRE PERSONAL
Nombre de persona Gadea, Enrique.
9 (RLIN) 53188
700 1# - ENTRADA AGREGADA--NOMBRE PERSONAL
Nombre de persona García del Cid, F.
9 (RLIN) 54508
700 1# - ENTRADA AGREGADA--NOMBRE PERSONAL
Nombre de persona Margalef, Ramón,
Fechas asociadas al nombre 1919-2004
9 (RLIN) 76608
852 ## - LOCALIZACIÓN
Ubicación ES-MaACL
Número de control de estantería C-17397-8
Sublocalización o colección R.45047
Holdings
Estatus retirado Estado de pérdida Estado de daño No para préstamo Biblioteca de origen Biblioteca actual Ubicación en estantería Fecha de adquisición Fuente de adquisición Total de préstamos Signatura topográfica completa Código de barras Visto por última vez Precio de reemplazo Tipo de ítem Koha
        Biblioteca del Ateneo de Madrid Biblioteca del Ateneo de Madrid Mesetón 17/01/2008     C-17397-8 1054318 23/02/2023 23/02/2023 Libro impreso